000 01717 a2200205 4500
020 _a1556234473
020 _a9781556234477
082 0 4 _a658.45
090 _c3068
_d3068
100 1 _aZelazny, Gene.
245 1 0 _aSay it with charts :
_bthe executive's guide to successful presentations in the 1990s /
_cGene Zelazny.
250 _a2nd ed.
260 _a[S.l.] :
_bIrwin Professional Pub,
_c1991.
300 _a160 p. ;
_c24 cm.
500 _aHardcover.
520 _aStep-by-step guide to creating compelling, memorable presentations A chart that once took ten hours to prepare can now be produced by anyone with ten minutes and a computer keyboard. What hasn't changed, however, are the basics behind creating a powerful visual - what to say, why to say it, and how to say it for the most impact. In Say It With Charts, Fourth Edition --the latest, cutting-edge edition of his best-selling presentation guide -- Gene Zelazny reveals time-tested tips for preparing effective presentations. Then, this presentation guru shows you how to combine those tips with today's hottest technologies for sharper, stronger visuals. Look to this comprehensive presentation encyclopedia for information on: * How to prepare different types of charts -- pie, bar, column, line, or dot -- and when to use each * Lettering size, color choice, appropriate chart types, and more * Techniques for producing dramatic eVisuals using animation, scanned images, sound, video, and links to pertinent websites.
856 4 0 _3Amazon.com
_uhttp://www.amazon.com/exec/obidos/ASIN/1556234473/chopaconline-20
856 4 0 _3Amazon customer reviews
_uhttp://www.chopac.org/cgi-bin/tools/azrev.pl?q=1556234473
942 _aNBS
_cBK
_k658.45 ZEL
999 _c345557
_d345557